REBEL GIRL STEM STARS : (Record no. 204082)

MARC details
000 -LEADER
fixed length control field 01597nam a2200337 i 4500
003 - CONTROL NUMBER IDENTIFIER
control field OSt
005 - DATE AND TIME OF LATEST TRANSACTION
control field 20260504150115.0
008 - FIXED-LENGTH DATA ELEMENTS--GENERAL INFORMATION
fixed length control field 260504t20252025caua crb 000 0beng d
020 ## - INTERNATIONAL STANDARD BOOK NUMBER
International Standard Book Number 9798889641117
Terms of availability RM 51.50
Qualifying information paperback
040 ## - CATALOGING SOURCE
Original cataloging agency PPAK
Language of cataloging eng
Transcribing agency PPAK
Description conventions rda
082 04 - DEWEY DECIMAL CLASSIFICATION NUMBER
Edition number 23
Classification number 509.252
090 00 - LOCALLY ASSIGNED LC-TYPE CALL NUMBER (OCLC); LOCAL CALL NUMBER (RLIN)
Classification number (OCLC) (R) ; Classification number, CALL (RLIN) (NR) 509.252
Feature heading BER
Feature heading K
100 1# - MAIN ENTRY--PERSONAL NAME
Personal name Berne, Emma Carlson,
Dates associated with a name 1979-
Relator term author.
245 10 - TITLE STATEMENT
Title REBEL GIRL STEM STARS :
Remainder of title 25 TALES OF WOMEN iN SCiENCE /
Statement of responsibility, etc. Text by Emma Carlson Berne, Margeaux Weston, Mel Hammond, Orli Zuravicky ; Cover illustrations by Joanne Dertili ; Edited by Eliza Kirby
264 #1 - PRODUCTION, PUBLICATION, DISTRIBUTION, MANUFACTURE, AND COPYRIGHT NOTICE
Place of production, publication, distribution, manufacture Larkspur, CA :
Name of producer, publisher, distributor, manufacturer Rebel Girls, Inc.,
Date of production, publication, distribution, manufacture, or copyright notice [2025]
Date of production, publication, distribution, manufacture, or copyright notice ©2025
300 ## - PHYSICAL DESCRIPTION
Extent 68 pages :
Other physical details color illustrations ;
Dimensions 23 cm
336 ## - CONTENT TYPE
Content type term text
Source rdacontent
337 ## - MEDIA TYPE
Media type term unmediated
Source rdamedia
338 ## - CARRIER TYPE
Carrier type term volume
Source rdacarrier
520 ## - SUMMARY, ETC.
Summary, etc. "Read about how these women solved problems, made incredible breakthroughs, and paved the way for future scientists everywhere. Create a computer with mathematician Ada Lovelace. Design a robot with engineer Cynthia Breazeal. And help others with Rebecca Lee Crumpler, the first African American woman to become a doctor of medicine"--
Assigning source Provided by publisher
650 10 - SUBJECT ADDED ENTRY--TOPICAL TERM
Topical term or geographic name entry element Women in science
Form subdivision Juvenile literature.
Topical term or geographic name entry element Women scientists
General subdivision Biography
Form subdivision Juvenile literature
655 #7 - INDEX TERM--GENRE/FORM
Genre/form data or focus term Biographies
700 1# - ADDED ENTRY--PERSONAL NAME
Personal name Weston, Margeaux,
Relator term author.
Personal name Hammond, Mel,
Relator term author.
Personal name Zuravick, Orli,
Relator term author.
Personal name Dertili, Joanne,
Relator term illustrator.
Personal name Kirby, Eliza,
Relator term editor.
942 ## - ADDED ENTRY ELEMENTS (KOHA)
Source of classification or shelving scheme Dewey Decimal Classification
Koha item type Book

No items available.